书目信息 |
| 题名: |
工程量清单计价实务
|
|
| 作者: | 袁建新 编著 | |
| 分册: | ||
| 出版信息: | 北京 科学出版社 2005.01 |
|
| 页数: | 374页 | |
| 开本: | 26cm | |
| 丛书名: | ||
| 单 册: | ||
| 中图分类: | TU723.3 | |
| 科图分类: | ||
| 主题词: | 工程量清单计价--gong cheng liang qing dan ji jia , 建筑工程--jian zhu gong cheng--工程造价--基本知识 | |
| 电子资源: | ||
| ISBN: | 7-03-014614-X | |
| 000 | 01008nam0 2200253 450 | |
| 001 | 012006759244 | |
| 005 | 20091215163010.43 | |
| 010 | @a7-03-014614-X@dCNY32.00 | |
| 100 | @a20060308d2005 km y0chiy0120 ea | |
| 101 | 0 | @achi |
| 102 | @aCN@b110000 | |
| 105 | @aa a 000yy | |
| 200 | 1 | @a工程量清单计价实务@Agong cheng liang qing dan ji jia shi wu@f袁建新等编著@Fyuan jian xin deng bian zhu |
| 210 | @a北京@c科学出版社@d2005.01 | |
| 215 | @a374页@c图@d26cm | |
| 320 | @a有书目 (第374页)。 | |
| 330 | @a本书介绍的工程量清单计价是我国正在推行的与国际接轨,遵循市场经济规律的新的建筑产品计价方式,内容包括:概论,工程量清单计价规范概述,工程量清单编制方法等。 | |
| 333 | @a工程造价人员和从事工程量清单计价工作的人员,高等院校相关专业师生。 | |
| 606 | 0 | @a工程量清单计价@Agong cheng liang qing dan ji jia |
| 606 | 0 | @a建筑工程@Ajian zhu gong cheng@x工程造价@x基本知识 |
| 690 | @aTU723.3@v4 | |
| 701 | 0 | @a袁建新@Ayuan jian xin@4编著 |
| 801 | 0 | @aCN@bQSSK@c20091215 |
| 905 | @a10447@dTU723.3@eY8902 | |
| 工程量清单计价实务/袁建新等编著.-北京:科学出版社,2005.01 |
| 374页:图;26cm |
| 使用对象:工程造价人员和从事工程量清单计价工作的人员,高等院校相关专业师生。 |
| ISBN 7-03-014614-X:CNY32.00 |
| 本书介绍的工程量清单计价是我国正在推行的与国际接轨,遵循市场经济规律的新的建筑产品计价方式,内容包括:概论,工程量清单计价规范概述,工程量清单编制方法等。 |
| ● |
| 相关链接 |
|
|
|
正题名:工程量清单计价实务
索取号:TU723.3/Y8902
 
预约/预借
| 序号 | 登录号 | 条形码 | 馆藏地/架位号 | 状态 | 备注 |
| 1 | 555015 | 205550152 | 建筑库201/201建筑库 38排4列2层/ [索取号:TU723.3/Y8902] | 在馆 | |
| 2 | 555016 | 205550161 | 建筑库201/101建筑库 62排2列1层/ [索取号:TU723.3/Y8902] | 在馆 | |
| 3 | 555017 | 205550170 | 建筑库201/201建筑库 38排4列2层/ [索取号:TU723.3/Y8902] | 在馆 |